City as landscape : (Record no. 354025)

000 -LEADER
fixed length control field 00970nam a2200241 a 4500
001 - CONTROL NUMBER
control field ASIN0419204105
003 - CONTROL NUMBER IDENTIFIER
control field OSt
005 - DATE AND TIME OF LATEST TRANSACTION
control field 20180116192424.0
008 - FIXED-LENGTH DATA ELEMENTS--GENERAL INFORMATION
fixed length control field 141001s1995 xxu eng d
020 ## - INTERNATIONAL STANDARD BOOK NUMBER
International Standard Book Number 0419204105 (paperback)
020 ## - INTERNATIONAL STANDARD BOOK NUMBER
International Standard Book Number 9780419204107 (paperback)
040 ## - CATALOGING SOURCE
Transcribing agency sada
050 04 - LIBRARY OF CONGRESS CALL NUMBER
Classification number NA9050
082 04 - DEWEY DECIMAL CLASSIFICATION NUMBER
Classification number 711.4
100 1# - MAIN ENTRY--PERSONAL NAME
Personal name Turner, Tom.
9 (RLIN) 7844
245 10 - TITLE STATEMENT
Title City as landscape :
Remainder of title a post post-modern view of design and planning /
Statement of responsibility, etc. Tom Turner.
260 ## - PUBLICATION, DISTRIBUTION, ETC.
Place of publication, distribution, etc. [S.l.] :
Name of publisher, distributor, etc. Taylor & Francis,
Date of publication, distribution, etc. 1996.
300 ## - PHYSICAL DESCRIPTION
Extent 256 p. ;
Dimensions 25 cm.
520 ## - SUMMARY, ETC.
Summary, etc. In twenty essays, this book covers aspects of planning, architecture, urban design, landscape architecture, park and garden design. Their approach, described as post -postmodern, is a challenge to the 'anything goes' eclecticism of the merely postmodern.
650 #0 - SUBJECT ADDED ENTRY--TOPICAL TERM
Topical term or geographic name entry element City planning
9 (RLIN) 7845
856 40 - ELECTRONIC LOCATION AND ACCESS
Materials specified Amazon.com
Uniform Resource Identifier <a href="http://www.amazon.com/exec/obidos/ASIN/0419204105/chopaconline-20">http://www.amazon.com/exec/obidos/ASIN/0419204105/chopaconline-20</a>
942 ## - ADDED ENTRY ELEMENTS (KOHA)
Source of classification or shelving scheme
Koha item type Book
Holdings
Withdrawn status Lost status Source of classification or shelving scheme Damaged status Not for loan Permanent Location Current Location Date acquired Total Checkouts Full call number Barcode Date last seen Date last checked out Cost, replacement price Price effective from Koha item type
          School of Art Design and Architecture (SADA) School of Art Design and Architecture (SADA) 10/01/2014 2 711.4 TUR 1996 SADA0002391 02/01/2016 12/18/2015 6531.20 10/01/2014 Book
© 2023 Central Library, National University of Sciences and Technology. All Rights Reserved.